|
|
|
|
| LEADER |
00808ncm a22002292a 4500 |
| 001 |
001201945 |
| 003 |
CZ BrMZK |
| 005 |
20120322122110.0 |
| 007 |
qu |
| 008 |
120322s1976 xr |||||||||||||||||cze d |
| 040 |
|
|
|a BOA001
|b cze
|
| 072 |
|
7 |
|a 784
|x Vokální hudba
|2 Konspekt
|9 9
|
| 100 |
1 |
|
|a Seidel, Jan,
|d 1908-1998
|7 jn20000402204
|4 cmp
|
| 245 |
1 |
0 |
|a Gorgo
|h [hudebnina] ;
|b Pták Noh : dva zpěvy ze zbírek Tiché světlo a Pták Noh : zpěv a klavír /
|c Jan Seidel ; na básně Valdemara Vyleťala
|
| 250 |
|
|
|a 1. vyd.
|
| 260 |
|
|
|a Praha :
|b Panton,
|c 1976
|
| 300 |
|
|
|a 39 s.
|
| 700 |
1 |
|
|a Vyleťal, Valdemar,
|d 1900-1928
|7 jk01151192
|4 lyr
|
| 910 |
|
|
|a BOA001
|b Mus4-0760.439
|
| 990 |
|
|
|a MU
|
| 991 |
|
|
|b 201203
|
| 996 |
6 |
|
|b 2619080322
|c Mus4-0760.439
|l MZK
|r Sklad / do 1 hodiny
|n 0
|w 001235527
|u 000010
|a 1
|e BOA001
|j MZK50
|s P
|